000 00556nam a2200181Ia 4500
008 100917s9999 xx 000 0 und d
082 _b65108
100 _aरांगणेकर कुमुदिनी
245 _aफुललेली कळी
260 _bगुलमोहर पब्लिकेशन्स
_c1984
300 _a206
365 _b35
520 _aकादंबरी
630 _aफुललेली कळी
650 _aकादंबरी
730 _aफुललेली कळी
942 _cBOOK
999 _c670502
_d670499